00834nam a2200229 a 450000100100000000500170001000800410002704000250006808200170009310000310011024500790014125000110022026000350023130000210026649000500028750000600033750000330039750400740043065000240050465000260052883000500055400002015220200929170305.0100723s1945 sp r 001 e spa d aDO-SdBNPbspacBNPHU a864.44bQ67s1 aQuiles, Ismael,d1906-199310aSan Isidro De Sevilla :bbiografía, escritos, doctrina /cIsmael Quiles. a2a ed. aMadrid :bEspasa-Calpe,c1945. a155 p. ;c18 cm.1 aAustral. Verde : ensayos y folosofía ;v527 aIncluye referencia biográfica del autor en la solapa. aIncluye índice de autores. aIncluye referencias bibliográficas y notas al pie de las páginas. 4aEnsayos españoles 4aLiteratura española 0aAustral. Verde : ensayos y folosofía ;v527